Judgement on foot and mouth valuations (Record no. 69826)

MARC details
000 -LEADER
fixed length control field 01027cam a2200217 4500
001 - CONTROL NUMBER
control field WB3811-35
008 - FIXED-LENGTH DATA ELEMENTS--GENERAL INFORMATION
fixed length control field 020321n2002 000 0 eng u
035 ## - SYSTEM CONTROL NUMBER
System control number (Sirsi) u117199
245 ## - TITLE STATEMENT
Title Judgement on foot and mouth valuations
260 ## - PUBLICATION, DISTRIBUTION, ETC.
Date of publication, distribution, etc. 2002
490 ## - SERIES STATEMENT
Series statement RICS Rural Faculty News
Volume/sequential designation 19 March 2002, (1)
520 ## - SUMMARY, ETC.
Summary, etc. A Cumbrian farmer has lost his case against government over the 14 day period after the slaughter of livestock allowed to farmers to decide on whether to make an appeal against his livestock valuation. This ruling by the High Court will mean that the farmer and many others will not be able to appeal against their foot and mouth valuations. http://www.rics.org/ricscms/bin/show?class=News&template=/includes/shownews.html&id=2104
590 ## - LOCAL NOTE (RLIN)
Local note WB
650 ## - SUBJECT ADDED ENTRY--TOPICAL TERM
Topical term or geographic name entry element PROPERTY-RURAL AND NATURAL ASSETS-AGRICULTURAL PROPERTY-LIVESTOCK
650 ## - SUBJECT ADDED ENTRY--TOPICAL TERM
Topical term or geographic name entry element NATIONAL FARMERS UNION
650 ## - SUBJECT ADDED ENTRY--TOPICAL TERM
Topical term or geographic name entry element FARMERS
650 ## - SUBJECT ADDED ENTRY--TOPICAL TERM
Topical term or geographic name entry element Valuation
9 (RLIN) 6273
650 ## - SUBJECT ADDED ENTRY--TOPICAL TERM
Topical term or geographic name entry element FOOT-AND-MOUTH DISEASE
690 ## - LOCAL SUBJECT ADDED ENTRY--TOPICAL TERM (OCLC, RLIN)
Topical term or geographic name as entry element RURAL
9 (RLIN) 6268
942 ## - ADDED ENTRY ELEMENTS (KOHA)
Suppress in OPAC 0
Holdings
Withdrawn status Lost status Source of classification or shelving scheme Damaged status Not for loan Home library Current library Shelving location Date acquired Total Checkouts Full call number Barcode Date last seen Copy number Price effective from Koha item type
    Dewey Decimal Classification     London London News article 21/03/2002   WB3811-35 117199-1001 06/08/2019 1 06/08/2019 News article